Business Statistics (Record no. 16944)
[ view plain ]
| 000 -LEADER | |
|---|---|
| fixed length control field | 00340nam a22001337a 4500 |
| 008 - FIXED-LENGTH DATA ELEMENTS--GENERAL INFORMATION | |
| fixed length control field | 180709b xxu||||| |||| 00| 0 eng d |
| 020 ## - INTERNATIONAL STANDARD BOOK NUMBER | |
| International Standard Book Number | 8122431551 |
| 082 ## - DEWEY DECIMAL CLASSIFICATION NUMBER | |
| Classification number | HF1017 |
| 100 ## - MAIN ENTRY--PERSONAL NAME | |
| Personal name | Chakravarty, S.K. |
| 245 ## - TITLE STATEMENT | |
| Title | Business Statistics |
| Statement of responsibility, etc. | S.K. Chakravarty, |
| 260 ## - PUBLICATION, DISTRIBUTION, ETC. (IMPRINT) | |
| Place of publication, distribution, etc. | New Dheli |
| Name of publisher, distributor, etc. | New Age |
| Date of publication, distribution, etc. | 2011 |
| 300 ## - PHYSICAL DESCRIPTION | |
| Extent | x, 787p. |
| 942 ## - ADDED ENTRY ELEMENTS (KOHA) | |
| Source of classification or shelving scheme | Library of Congress Classification |
| Koha item type | General Collection |
| Withdrawn status | Lost status | Source of classification or shelving scheme | Not for loan | Home library | Current library | Date acquired | Total Checkouts | Total Renewals | Full call number | Barcode | Date last seen | Date last checked out | Price effective from | Koha item type |
|---|---|---|---|---|---|---|---|---|---|---|---|---|---|---|
| Library of Congress Classification | Kabarak, Main Campus | Kabarak, Main Campus | 09/07/2018 | 26 | 5 | HF1017 .C43 2011 c.1 | 024444 | 02/08/2024 | 30/07/2023 | 09/07/2018 | General Collection | |||
| Library of Congress Classification | Kabarak, Main Campus | Kabarak, Main Campus | 09/07/2018 | 13 | HF1017 .C43 2011 c.2 | 024509 | 19/02/2026 | 03/02/2026 | 09/07/2018 | General Collection |